Matemática 4
Gespeichert in:
| Hauptverfasser: | , |
|---|---|
| Format: | Buch |
| Sprache: | Spanisch |
| Veröffentlicht: |
Santiago
Arrayán
1986
|
| Schriftenreihe: | Los números y yo
|
| Schlagworte: | |
| Tags: |
Tag hinzufügen
Keine Tags, Fügen Sie den ersten Tag hinzu!
|
MARC
| LEADER | 00000nam a2200000 a 4500 | ||
|---|---|---|---|
| 001 | UCW5381 | ||
| 003 | CL-VaPUC | ||
| 008 | 910410e19860000CL |||||||||||||||||spa|d | ||
| 082 | 0 | 4 | |a 372.7 |b MAS |2 21 |
| 100 | |a Mascayano Medo, Rosita |e autora |9 310335 | ||
| 700 | 0 | |a Solé Ferrer, Ana María |e author |9 310336 | |
| 245 | 1 | 0 | |a Matemática 4 |
| 300 | |a 144 p | ||
| 942 | |c BK | ||
| 945 | |d 19910410 00:00:00 | ||
| 260 | |a Santiago |b Arrayán |c 1986 | ||
| 650 | 0 | |a Matemática |9 260235 | |
| 650 | 7 | |a LIBROS DE TEXTOS |2 CL-VaPUC |9 310337 | |
| 583 | |a last modification |c 19910410 00:00:00 |k Rodrigo Vera | ||
| 490 | 0 | |a Los números y yo | |
| 999 | |c 218834 |d 218832 | ||
| 952 | |0 0 |1 0 |4 0 |6 372_700000000000000_MAS_1986 |7 0 |8 P |9 209022 |a BIBEDU |b BIBEDU |c BIBEDU_PB |d 2019-11-15 |i 2768186 |o 372.7 MAS 1986 |p 2768186 |r 2024-01-25 |w 2019-11-15 |y BK |k EDU | ||